Vajcia od šťastných sliepok

Negatívne vnímanie klietkového chovu nosníc verejnosťou. Zákaz klietkového chovu nosníc Európskou úniou od r. 2012. Skúmanie správania sliepok v Ústave biochémie a genetiky živočíchov SAV. Potvrdenie tzv. teórie mysle u vtákov. Welfare hospodárskych zvierat - zvláštna veda z Veľkej Británie. Výskumy...

ver descrição completa

Na minha lista:
Detalhes bibliográficos
Autor principal: Pokojná, Katarína
Formato: Capítulo de Livro
Idioma:eslovaco
Assuntos:
Tags: Adicionar Tag
Sem tags, seja o primeiro a adicionar uma tag!

MARC

LEADER 00000naa a2200000 4500
001 0162758
005 20231113071630.2
041 0 |a slo 
044 |a SK 
245 1 0 |a Vajcia od šťastných sliepok  |c Katarína Pokojná 
520 |a Negatívne vnímanie klietkového chovu nosníc verejnosťou. Zákaz klietkového chovu nosníc Európskou úniou od r. 2012. Skúmanie správania sliepok v Ústave biochémie a genetiky živočíchov SAV. Potvrdenie tzv. teórie mysle u vtákov. Welfare hospodárskych zvierat - zvláštna veda z Veľkej Británie. Výskumy, týkajúce sa správania a rozhodovania zvierat. 
610 2 0 |a výskum vedecký 
610 2 0 |a zvieratá 
610 2 0 |a chov zvierat 
610 2 0 |a podmienky životné 
610 2 0 |a projekty 
100 1 |a Pokojná, Katarína